Farm power and machinery management / (Record no. 11536)

000 -LEADER
fixed length control field 00482nam a2200181 a 4500
020 ## - INTERNATIONAL STANDARD BOOK NUMBER
ISBN 0813805805 (pbk.)
040 ## - CATALOGING SOURCE
Transcribing agency DLC
082 ## - DEWEY DECIMAL CLASSIFICATION NUMBER
Classification number 631 LOW 1983 A037 Or.
100 1# - MAIN ENTRY--AUTHOR NAME
Personal name Hunt, Donnell
245 10 - TITLE STATEMENT
Title Farm power and machinery management /
250 ## - EDITION STATEMENT
Edition statement 8th ed
260 ## - PUBLICATION, DISTRIBUTION, ETC. (IMPRINT)
Place of publication Ames :
Name of publisher Iowa State University Press,
Year of publication 1983
300 ## - PHYSICAL DESCRIPTION
Number of Pages vii, 352 p. :
Other physical details ill. ;
Dimensions 28 cm
500 ## - GENERAL NOTE
General note Includes index
650 #0 - SUBJECT ADDED ENTRY--TOPICAL TERM
Topical Term Agricultural machinery
650 #0 - SUBJECT ADDED ENTRY--TOPICAL TERM
Topical Term Farm mechanization
942 ## - ADDED ENTRY ELEMENTS (KOHA)
Koha item type សៀវភៅភាសាអង់គ្លេស
952 ## - LOCATION AND ITEM INFORMATION (KOHA)
Withdrawn status [LOCAL, KOHA] 0
Holdings
Permanent Location Date acquired Koha item type Lost status Shelving location Barcode Current Location Full call number
Library Block A2017-08-03សៀវភៅភាសាអង់គ្លេស A037A09579Library Block A631 LOW 1983 A037 Co.
មជ្ឈមណ្ឌលឯការនៃសាកលវិទ្យាល័យភូមិន្ទកសិកម្មចំការដូង

Powered by Koha